Let's learn English picture dictionary / (Record no. 1240)

MARC details
000 -LEADER
fixed length control field 01403cam a2200313 a 4500
005 - DATE AND TIME OF LATEST TRANSACTION
control field 20260322212052.0
008 - FIXED-LENGTH DATA ELEMENTS--GENERAL INFORMATION
fixed length control field data
010 ## - LIBRARY OF CONGRESS CONTROL NUMBER
LC control number 2004052637
020 ## - INTERNATIONAL STANDARD BOOK NUMBER
International Standard Book Number 0071408223
020 ## - INTERNATIONAL STANDARD BOOK NUMBER
International Standard Book Number 9780071408226
040 ## - CATALOGING SOURCE
Original cataloging agency DLC
Transcribing agency DLC
Modifying agency DLC
050 00 - LIBRARY OF CONGRESS CALL NUMBER
Classification number PE1629
Item number .L47 2004
082 00 - DEWEY DECIMAL CLASSIFICATION NUMBER
Classification number 423/.17
Edition information 22
092 ## - LOCALLY ASSIGNED DEWEY CALL NUMBER (OCLC)
Classification number 423 Goo 2004
001 - CONTROL NUMBER
control field data
245 00 - TITLE STATEMENT
Title Let's learn English picture dictionary /
Statement of responsibility, etc. edited by Marlene Goodman & Passport Books.
246 30 - VARYING FORM OF TITLE
Title proper/short title English picture dictionary
260 ## - PUBLICATION, DISTRIBUTION, ETC.
Place of publication, distribution, etc. Chicago, Ill. :
Name of publisher, distributor, etc. McGraw-Hill,
Date of publication, distribution, etc. [2004]
300 ## - PHYSICAL DESCRIPTION
Extent 32 p. :
Other physical details col. ill., map ;
Dimensions 32 cm.
500 ## - GENERAL NOTE
General note Includes index.
650 #0 - SUBJECT ADDED ENTRY--TOPICAL TERM
Topical term or geographic name entry element Picture dictionaries, English
Form subdivision Juvenile literature.
700 1# - ADDED ENTRY--PERSONAL NAME
Personal name Goodman, Marlene,
Relator term ill.
710 2# - ADDED ENTRY--CORPORATE NAME
Corporate name or jurisdiction name as entry element Passport Books.
856 42 - ELECTRONIC LOCATION AND ACCESS
Materials specified Publisher description
Uniform Resource Identifier <a href="http://www.loc.gov/catdir/description/mh051/2004052637.html">http://www.loc.gov/catdir/description/mh051/2004052637.html</a>
856 42 - ELECTRONIC LOCATION AND ACCESS
Materials specified Contributor biographical information
Uniform Resource Identifier <a href="http://www.loc.gov/catdir/enhancements/fy0737/2004052637-b.html">http://www.loc.gov/catdir/enhancements/fy0737/2004052637-b.html</a>
906 ## - LOCAL DATA ELEMENT F, LDF (RLIN)
a 7
b cbc
c orignew
d 1
e ocip
f 20
g y-gencatlg
925 0# -
-- acquire
-- 1 shelf copies
-- policy default
955 ## - COPY-LEVEL INFORMATION (RLIN)
-- lh06 2004-06-07
-- lh36 2004-06-08 to Dewey
-- lg13 2006-07-19 to SL;
-- lg13 2006-07-19 to BCCD
Holdings
Withdrawn status Lost status Damaged status Not for loan Home library Current library Shelving location Date acquired Total checkouts Full call number Barcode Date last seen Price effective from Koha item type
        Franklin Franklin General stacks 22/03/2026   423/.17 22 BC0011280 22/03/2026 22/03/2026 Books